| 000 | 00760nam a22002177a 4500 | ||
|---|---|---|---|
| 003 | OSt | ||
| 005 | 20251105004152.0 | ||
| 008 | 251105b |||||||| |||| 00| 0 eng d | ||
| 020 | _a978-0-415-46788-9 | ||
| 040 |
_aDWCL-Admin lib _cOC |
||
| 082 | _aCirc. 338.6 S681c 2010 | ||
| 100 | _aSoederberg, Susanne | ||
| 245 |
_aCorporate power and ownership in contemporary capitalism : the politics of resistance and domination / _cSusanne Soederberg |
||
| 260 |
_aUSA : _bRoutledge, _cc2010. |
||
| 300 |
_a xix, 195 p. ; _c23 cm |
||
| 504 | _aIncludes bibliographical references and index. | ||
| 650 | _a1. Corporate governance. | ||
| 650 | _a2. Corporations- Social aspects. | ||
| 650 | _a3. Stock ownership- Social aspects. | ||
| 942 |
_2ddc _cBK-CIRC _kCirc. _n0 |
||
| 999 |
_c5447 _d5447 |
||